| 000 | 00854nam a22002777a 4500 | ||
|---|---|---|---|
| 003 | CHAP | ||
| 005 | 20220329140945.0 | ||
| 008 | 971013s1983 r 00010 d | ||
| 010 | _a60426 | ||
| 011 | _a61398 | ||
| 035 | _a65562 | ||
| 040 | _cCHAP | ||
| 082 |
_a632.3 _bF3 |
||
| 100 | 0 | 0 |
_aFahy, Peter Christopher _eed. _939329 |
| 245 |
_aPlant bacterial diseases _b: a diagnostic guide |
||
| 260 |
_aSydney : _bAcademic Press, _c1983 |
||
| 300 |
_a393 p. _b: ilus. |
||
| 590 |
_aBATCH-UPD _b10 _c20130110 _lUCH01 _h0747 |
||
| 590 |
_aBATCH-UPD _b10 _c20130110 _lUCH01 _h2352 |
||
| 590 |
_aCONVERSION _b10 _c20130109 _lUCH01 _h1332 |
||
| 650 | 1 | 4 |
_aPlantas _xEnfermedades por bacterias. _988829 |
| 700 | 0 |
_aPersley, G. J. _987317 |
|
| 901 | _aBK | ||
| 942 | _cLIBRO | ||
| 949 |
_a632.3 F3 _bBC _cLIBRO _d33724000983391 _eLIBRO _gI.132336 _h68603 _i65562 _si _t36.47 |
||
| 999 |
_c60426 _d60426 |
||